00727cam a22002291 4500001001300000003000400013005001700017008004100034010001700075025002000092035001900112040003900131050001400170100002700184245008700211250003000298260005700328300001900385650004700404650002900451999001700480ne 64002637 DLC20260227111805.0820120s1963 ly 000 0 ara c ane 64002637  aPL480:UAR-4582R a(OCoLC)8077629 aPrinceton Univ. Libr.cTUdTUdDLC00aBP89b.K51 aKīlānī, Najīb.13aal-Islāmīyah wa al-madhāhib al-adabīyahcbi-qalam Najīb al-Kīlānī. a[al-Ṭabʻah al-ūlā] aṬarābulus, Lībyā,bMaktabat al-Nūrc[1963] a195 p.c20 cm. 0aIslamic literaturexHistory and criticism. 0aReligion and literature. c47495d47495